Managing organisational change (Record no. 112469)
[ view plain ]
| 000 -LEADER | |
|---|---|
| fixed length control field | 01357cad a22002055a 4500 |
| 001 - CONTROL NUMBER | |
| control field | L153316 |
| 008 - FIXED-LENGTH DATA ELEMENTS--GENERAL INFORMATION | |
| fixed length control field | 110711s2011 xxk 000 0 eng d |
| 035 ## - SYSTEM CONTROL NUMBER | |
| System control number | (Sirsi) u153316 |
| 041 0# - LANGUAGE CODE | |
| Language code of text/sound track or separate title | eng |
| 100 1# - MAIN ENTRY--PERSONAL NAME | |
| Personal name | Millar, Charles |
| 245 00 - TITLE STATEMENT | |
| Title | Managing organisational change |
| Remainder of title | part 2, implementing change |
| Medium | [electronic resource] |
| 260 ## - PUBLICATION, DISTRIBUTION, ETC. | |
| Place of publication, distribution, etc. | Coventry |
| Name of publisher, distributor, etc. | RICS |
| Date of publication, distribution, etc. | 2011 |
| 490 ## - SERIES STATEMENT | |
| Series statement | RICS Information Paper |
| 520 ## - SUMMARY, ETC. | |
| Summary, etc. | This paper is aimed at those surveyors who are assisting clients with organisational change or are re-organising their own professional practice. Part 1 of this paper considered how an organisation could develop its plan for reaching the new situation. Part 2 also aims to provide some approaches to understanding relationships at individual, group and organisational levels with signposts to further reading in Appendix A. These approaches are intended to be a foundation on which members can develop their own preferred repertoire for implementing change. This framework is not intended to provide a step-by-step methodology for implementation. |
| 590 ## - LOCAL NOTE (RLIN) | |
| Local note | KA |
| 651 #4 - SUBJECT ADDED ENTRY--GEOGRAPHIC NAME | |
| Geographic name | United Kingdom |
| Chronological subdivision | |
| 690 ## - LOCAL SUBJECT ADDED ENTRY--TOPICAL TERM (OCLC, RLIN) | |
| Topical term or geographic name as entry element | MANAGEMENT-BUSINESS MANAGEMENT |
| 856 40 - ELECTRONIC LOCATION AND ACCESS | |
| Uniform Resource Identifier | <a href="https://www.rics.org/Global/Downloads/RICS_Managing_organisational_change_part_2_-_implementing_change.pdf">https://www.rics.org/Global/Downloads/RICS_Managing_organisational_change_part_2_-_implementing_change.pdf</a> |
| Public note | Available for free online at www.rics.org (member-only access). |
| 942 ## - ADDED ENTRY ELEMENTS (KOHA) | |
| Suppress in OPAC | 0 |
| Withdrawn status | Lost status | Source of classification or shelving scheme | Damaged status | Not for loan | Home library | Current library | Shelving location | Date acquired | Total Checkouts | Full call number | Barcode | Date last seen | Copy number | Price effective from | Koha item type |
|---|---|---|---|---|---|---|---|---|---|---|---|---|---|---|---|
| Dewey Decimal Classification | Virtual | Virtual | Online | 11/07/2011 | RICS 2011/32 | 153316-2001 | 06/08/2019 | 1 | 06/08/2019 | Book |